| 000 | 02050nam a2200253Ia 4500 | ||
|---|---|---|---|
| 999 |
_c51751 _d51751 |
||
| 001 | 18743 | ||
| 003 | GE_BSU | ||
| 005 | 20210415124028.0 | ||
| 008 | 181216s2014||||ge |||||||||||||| ||geo|| | ||
| 040 | _cGE_BSU | ||
| 041 | _ageo | ||
| 080 | _a61 დ-28 | ||
| 100 |
_aდევდარიანი, თეონა _911380 |
||
| 245 |
_aსენსონევრალური სმენაჩლუნგობის პრობლემის თავისებურებანი ციტომეგალოვირუს მატარებელ სკოლამდელ და უმცროსი სასკოლო ასაკის ბავშვებში / _cთეონა დევდარიანი ; სამეცნ. ხემძღვ.: ნინო მანჯავიძე, ქეთევან გოგბერაშვილი, ზურაბ ქევანიშვილი ; თბილისის სახელმწიფო სამედიცინო უნივერსიტეტი. |
||
| 264 |
_aთბილისი, _c2014. |
||
| 300 |
_a127გვ.; _b30 სმ. |
||
| 653 | _aდისერტაცია | ||
| 653 | _aმედიცინა | ||
| 653 | _aსენსონევრალური სმენაჩლუნგობის პრობლემის თავისებურებანი ციტომეგალოვირუს მატარებელ სკოლამდელ და უმცროსი სასკოლო ასაკის ბავშვებში | ||
| 700 |
_a მანჯავიძე, ნინო _eსამეცნიერო ხელმძღვანელი _911381 |
||
| 700 |
_aქევანიშვილი, ზურაბ _eსამეცნიერო ხელმძღვანელი _910833 |
||
| 700 |
_aხარძეიშვილი, ომარ _eსამეცნიერო ხელმძღვანელი _911382 |
||
| 942 |
_cBK _2udc |
||